bridges of t swiz songs - Statistics

General Stats
  • This quiz has been taken 9 times
  • The average score is 11 of 15
Answer Stats
Hint Answer % Correct
"10 months sober, I must admit... just because you're _____, don't mean you don't miss it. 10 months older, I won't give in, now that I'm _____ I'm never gonna risk it." Clean
100%
"At dinner parties, I won't call you out on your contrarian shit. And the coastal town we never found will never see a love as pure as it. 'Cause it fades into the gray of my day-old tea, 'cause it will never be..." gold rush
100%
"Let me remind you, this was what you wanted. You ended it. You were all I wanted, but not like this." All You Had To Do Was Stay
75%
"Do you still feel like you know what you're doing? 'Cause I don't think you do, oh, do you still feel like you know what you're doing? I don't think you do, don't think you do, let's hear the applause. Come show me how much better you are. So you deserve some applause, 'cause you're so much better." Better Than Revenge
75%
"I find the artifacts, cried over a hat, cursed the space that I needed. I trace the evidence, make it make some sense, why the wound is still bleeding. You were the one that I loved, don't need another metaphor it's simple enough. A wrinkle in time like the crease by your eyes, this is why they shouldn't kill off the main guy. Dreams. Of your hair and your stare and sense of belief. In the good in the world you once believed in me. And I felt you and I held you for a while. Bet I could still melt your world, argumentative, antithetical dream girl." Hits Different
75%
"Did you think I wouldn't see you, there were flashing lights, at least I have the decency to keep my nights out of sight. Only rumors 'bout my hips and thighs and my whispered sighs, oh lord, I think about jumping...off of very tall somethings...just to see you come running...and say the one thing, I've been wanting, but no." Is It Over Now?
75%
"Clover blooms in the field, spring breaks loose, the time is near. What would he do if he found us out? Crescent moon, coast is clear. Spring breaks loose, but so does fear. He's gonna burn this house to the ground." ivy
75%
"You always knew how to push my buttons. You give me everything and nothing. This mad, mad love makes you come running, to stand back where you stood _ ____ ___ _____." I Wish You Would
75%
"So I'll watch your life in pictures like I used to watch you sleep, and I'll feel you forget me like I used to feel you breathe, and I'll keep up with our old friends just to ask them how you are. I hope it's nice where you are.." Last Kiss
75%
"Please take my hand and, please take me dancing and, please leave me stranded, it's so romantic..." New Romantics
75%
"And I'll watch you fly around the world, and I'll hope you don't save some other girl. Don't forget, don't forget, about me. I'm far away, but I'll never let you go, I'm love-struck and looking out the window. Don't forget, don't forget, where I'll be...right here wishing the flowers were from you. Wishing the card was from you. Wishing the card was from you... 'cause I loved you from the very first day." Superman
75%
"They say she was seen on occasion, pacing the rocks, staring out at the midnight sea. And in a feud with her neighbor, she stole his dog and dyed it key lime green. Fifty years is a long time, Holiday House sat quietly on that beach. Free of women with madness, their men and bad habits, and then it was bought by me." the last great american dynasty
75%
"If I was standing there, in your apartment, I'd take that bomb in your head and disarm it. I'd say, "I love you even at your darkest and please, don't go."" Forever Winter
50%
"And I'll scream, out the window, I can't even look at you. I don't need you but I do, I do, I do. I say there's nothing you can say, to make this right again, I mean it. I mean it...but what I mean, is." The Other Side of the Door
50%
"Sleeping, half the day, just for old time's sake. I won't ask you to wait, if you don't ask me to stay. So I'll go back to LA, and the so-called friends who write books about me if I ever make it. And wonder about the only soul who can tell which smiles I'm faking. And the heart I know I'm breaking is my own...to leave the warmest bed I've ever known." 'tis the damn season
50%
No matching quizzes found
Score Distribution
Percent of People with Each Score
Percentile by Number Answered
Your Score History
You have not taken this quiz